Normal view
MARC view
Entry Geographic Name
001 - CONTROL NUMBER
- control field: 38513
003 - CONTROL NUMBER IDENTIFIER
- control field: ARRUPE
005 - DATE AND TIME OF LATEST TRANSACTION
- control field: 20180116123037.0
008 - FIXED-LENGTH DATA ELEMENTS
- fixed length control field: 180116|| aca||aabn | a|a d
040 ## - CATALOGING SOURCE
- Original cataloging agency: ARRUPE
- Transcribing agency: ARRUPE
151 ## - HEADING--GEOGRAPHIC NAME
- Geographic name: Africa
- General subdivision: Church history.
670 ## - SOURCE DATA FOUND
- Source citation: Work cat.: (ARRUPE)0: Luneau, René. 38510, Laisse aller mon peuple! :, c1987.